[Event "GER-chT Seniors 24th"]
[Site "Berlin"]
[Date "2015.09.09"]
[Round "4.4"]
[White "Mueller, Manfred"]
[Black "Gehrmann, Rudolf Rainer"]
[Result "1/2-1/2"]
[WhiteElo "1967"]
[BlackElo "2064"]
[PlyCount "121"]
[EventDate "2015.09.06"]
[EventType "team-swiss"]
[EventRounds "7"]
[EventCountry "GER"]
[SourceTitle "EXT 2018"]
[Source "ChessBase"]
[SourceDate "2017.10.13"]
[SourceVersion "1"]
[SourceVersionDate "2017.10.13"]
[SourceQuality "1"]

1. e4 c5 2. Nf3 d6 3. d4 cxd4 4. Nxd4 Nf6 5. Nc3 g6 6. Be2 Bg7 7. 0-0 0-0 8. Be3 Nc6 9. h3 Bd7 10. Qd2 a6 11. Rfd1 Rc8 12. Nf3 Be6 13. a3 Na5 14. e5 Ne8 15. Na4 Nc4 16. Bxc4 Rxc4 17. b3 Rc8 18. c4 b5 19. Bb6 Qd7 20. Nc5 Qc6 21. Nxe6 fxe6 22. Bd4 bxc4 23. bxc4 Rd8 24. Qe2 Nc7 25. exd6 exd6 26. Bxg7 Kxg7 27. Nd4 Qe8 28. Rab1 e5 29. Rb7 Rf7 30. Nf3 Qc6 31. Qb2 Re8 32. Rb6 Qxc4 33. Rdxd6 Rfe7 34. Rdc6 Qf7 35. Qc1 e4 36. Ng5 Qd5 37. Rxc7 e3 38. Qxe3 Rxc7 39. Qxe8 Qxg5 40. Qe3 Qxe3 41. fxe3 Rc3 42. Rxa6 Rxe3 43. Ra8 Kf6 44. a4 Kg5 45. a5 Ra3 46. a6 Kh4 47. Kf2 Ra2+ 48. Kf3 Ra3+ 49. Kf4 Ra5 50. a7 g5+ 51. Kf3 Ra3+ 52. Ke4 Ra4+ 53. Kd5 Ra5+ 54. Kc6 Ra2 55. Kd6 Ra6+ 56. Ke5 Ra5+ 57. Kf6 Ra6+ 58. Kg7 h5 59. Kf7 Kg3 60. Rg8 Rxa7+ 61. Kg6 1/2-1/2

[Event "GER-chT Seniors 24th"]
[Site "Berlin"]
[Date "2015.09.07"]
[Round "2.4"]
[White "Mueller, Manfred"]
[Black "Westphal, Norbert"]
[Result "1/2-1/2"]
[WhiteElo "1967"]
[BlackElo "1969"]
[PlyCount "87"]
[EventDate "2015.09.06"]
[EventType "team-swiss"]
[EventRounds "7"]
[EventCountry "GER"]
[SourceTitle "EXT 2018"]
[Source "ChessBase"]
[SourceDate "2017.10.13"]
[SourceVersion "1"]
[SourceVersionDate "2017.10.13"]
[SourceQuality "1"]

1. e4 Nf6 2. e5 Nd5 3. d4 d6 4. Nf3 dxe5 5. Nxe5 c6 6. Bc4 Nd7 7. Nc3 e6 8. Nxd7 Nxc3 9. bxc3 Bxd7 10. 0-0 Qa5 11. Qf3 Bd6 12. Re1 0-0 13. Bd2 Qc7 14. h3 b5 15. Bd3 c5 16. Qh5 f5 17. dxc5 Bxc5 18. Qe2 a6 19. Rab1 Rab8 20. c4 b4 21. Be3 a5 22. Bxc5 Qxc5 23. Qe5 Rfc8 24. Re3 Kf7 25. Rbe1 g6 26. Qf4 Qf8 27. g4 Rc5 28. gxf5 gxf5 29. Rg3 Re8 30. Qh4 Qh8 31. Be2 Re7 32. Bh5+ Kf8 33. Bg6 Be8 34. Qh6+ Qg7 35. Qe3 Qc3 36. Qh6+ Qg7 37. Qxg7+ Rxg7 38. Bxe8 Rxg3+ 39. fxg3 Kxe8 40. Rxe6+ Kf7 41. Ra6 Rxc4 42. Rxa5 Kg6 43. Ra4 Rxc2 44. Rxb4 1/2-1/2

[Event "Grunwald Cup 23rd blind"]
[Site "Dadaj"]
[Date "2008.09.28"]
[Round "8"]
[White "Ciula, Edward"]
[Black "Mueller, Manfred"]
[Result "1-0"]
[WhiteElo "2044"]
[BlackElo "2116"]
[PlyCount "87"]
[EventDate "2008.09.21"]
[EventType "swiss"]
[EventRounds "9"]
[EventCountry "POL"]
[SourceTitle "CBM 126 Extra"]
[Source "ChessBase"]
[SourceDate "2008.11.05"]
[SourceVersion "1"]
[SourceVersionDate "2008.11.05"]
[SourceQuality "1"]

1. d4 d5 2. c4 Nc6 3. Nc3 Nf6 4. cxd5 Nxd5 5. e4 Nxc3 6. bxc3 e5 7. d5 Ne7 8. Nf3 Ng6 9. Bb5+ Bd7 10. Qb3 b6 11. 0-0 Bd6 12. Bg5 f6 13. Be3 0-0 14. Bd3 Qe8 15. Qc2 Ne7 16. c4 f5 17. c5 fxe4 18. Bxe4 Nf5 19. cxd6 cxd6 20. Qb3 Qh5 21. Ng5 Rf6 22. Qd1 Qh4 23. Qd3 Raf8 24. Ne6 Nxe3 25. Qxe3 R8f7 26. Rac1 Rh6 27. h3 Rhf6 28. Rc4 Qh5 29. Ng5 Re7 30. Bxh7+ Kh8 31. g3 Rh6 32. Rh4 Qe8 33. Qe4 Qf8 34. Bg6 Qf6 35. Rxh6+ gxh6 36. Ne6 Bxe6 37. dxe6 Qxe6 38. Bf5 Qf6 39. Rc1 Qf8 40. Rc8 Re8 41. Rc7 Re7 42. Rc8 Re8 43. Rxe8 Qxe8 44. Qb7 1-0

[Event "Grunwald Cup 23rd blind"]
[Site "Dadaj"]
[Date "2008.09.25"]
[Round "5"]
[White "Zoltek, Tadeusz"]
[Black "Mueller, Manfred"]
[Result "1/2-1/2"]
[WhiteElo "2218"]
[BlackElo "2116"]
[PlyCount "62"]
[EventDate "2008.09.21"]
[EventType "swiss"]
[EventRounds "9"]
[EventCountry "POL"]
[SourceTitle "CBM 126 Extra"]
[Source "ChessBase"]
[SourceDate "2008.11.05"]
[SourceVersion "1"]
[SourceVersionDate "2008.11.05"]
[SourceQuality "1"]

1. c4 Nf6 2. Nc3 g6 3. g3 Bg7 4. Bg2 0-0 5. Nf3 d5 6. cxd5 Nxd5 7. 0-0 c6 8. Qc2 Nd7 9. d3 Re8 10. Bd2 e5 11. Rac1 Nf8 12. Ng5 Ne6 13. Nxe6 Bxe6 14. Ne4 Bg4 15. Rfe1 h5 16. h3 Bf5 17. h4 Rb8 18. Qc5 Bxe4 19. Bxe4 Nf6 20. Bg2 Qd7 21. Bg5 Rbc8 22. a4 b6 23. Qc4 c5 24. b3 a5 25. Bxf6 Bxf6 26. Qd5 Qxd5 27. Bxd5 Bg7 28. Kg2 Bh6 29. e3 Rcd8 30. Bc6 Re6 31. Bb5 Kf8 1/2-1/2

[Event "Grunwald Cup 23rd blind"]
[Site "Dadaj"]
[Date "2008.09.22"]
[Round "2"]
[White "Debowska, Teresa"]
[Black "Mueller, Manfred"]
[Result "0-1"]
[WhiteElo "1916"]
[BlackElo "2116"]
[PlyCount "62"]
[EventDate "2008.09.21"]
[EventType "swiss"]
[EventRounds "9"]
[EventCountry "POL"]
[SourceTitle "CBM 126 Extra"]
[Source "ChessBase"]
[SourceDate "2008.11.05"]
[SourceVersion "1"]
[SourceVersionDate "2008.11.05"]
[SourceQuality "1"]

1. e4 c5 2. g3 Nc6 3. Bg2 g6 4. d3 Bg7 5. Nc3 d6 6. Be3 Rb8 7. Qd2 e6 8. f4 Nge7 9. Nf3 b5 10. d4 d5 11. e5 c4 12. g4 h5 13. h3 Qa5 14. Kf2 b4 15. Ne2 Qb6 16. Qe1 Ba6 17. b3 f6 18. Ng3 fxe5 19. fxe5 Kd7 20. Bf1 Rbf8 21. bxc4 Nxd4 22. Bxd4 Qxd4+ 23. Kg2 Rxf3 24. Kxf3 Bxe5 25. Rd1 Qf4+ 26. Kg2 Bb7 27. cxd5 Bxd5+ 28. Ne4 hxg4 29. Rxd5+ Nxd5 30. Nc5+ Ke7 31. Nb3 Rxh3 0-1

[Event "Bad Woerishofen Seniors op 24th"]
[Site "Bad Woerishofen"]
[Date "2008.03.04"]
[Round "6"]
[White "Tuertmann, Dieter"]
[Black "Mueller, Manfred"]
[Result "0-1"]
[WhiteElo "1818"]
[BlackElo "2011"]
[PlyCount "110"]
[EventDate "2008.02.28"]
[EventType "swiss"]
[EventRounds "9"]
[EventCountry "GER"]
[SourceTitle "EXT 2022"]
[Source "ChessBase"]
[SourceDate "2021.10.06"]
[SourceVersion "1"]
[SourceVersionDate "2021.10.06"]
[SourceQuality "1"]

1. Nf3 d5 2. g3 g6 3. Bg2 Bg7 4. d4 Nf6 5. Nc3 0-0 6. 0-0 c6 7. Re1 Nbd7 8. e4 dxe4 9. Nxe4 Nxe4 10. Rxe4 Re8 11. c3 Nf6 12. Re1 Be6 13. Be3 Bd5 14. Ne5 Bxg2 15. Kxg2 Nd5 16. f4 Qc7 17. Bf2 Rad8 18. Qc2 Qc8 19. Qe4 f6 20. Nf3 e6 21. Re2 Rd7 22. Rae1 Rde7 23. h3 Qc7 24. c4 f5 25. Qc2 Nf6 26. Bg1 h6 27. Ne5 Kh7 28. Re3 Ne4 29. Rd3 Rd8 30. Red1 b6 31. Kh2 Bxe5 32. dxe5 Red7 33. b3 c5 34. Be3 Qb7 35. g4 Kh8 36. Rxd7 Rxd7 37. Rg1 Kh7 38. Qg2 Rg7 39. Rd1 Qc8 40. Qc2 Rd7 41. a3 Qd8 42. Rxd7+ Qxd7 43. b4 cxb4 44. axb4 Qc7 45. c5 bxc5 46. bxc5 g5 47. gxf5 exf5 48. Qc4 gxf4 49. Bxf4 Qxc5 50. Qxc5 Nxc5 51. Be3 Ne6 52. Bxa7 Kg6 53. Kg3 f4+ 54. Kg4 h5+ 55. Kh4 Ng7 0-1

[Event "Bad Woerishofen Seniors op 24th"]
[Site "Bad Woerishofen"]
[Date "2008.03.02"]
[Round "4"]
[White "Mueller, Manfred"]
[Black "Straub, Peter"]
[Result "0-1"]
[WhiteElo "2132"]
[BlackElo "2137"]
[PlyCount "38"]
[EventDate "2008.02.28"]
[EventType "swiss"]
[EventRounds "9"]
[EventCountry "GER"]
[SourceTitle "EXT 2019"]
[Source "ChessBase"]
[SourceDate "2018.10.10"]
[SourceVersion "1"]
[SourceVersionDate "2018.10.10"]
[SourceQuality "1"]

1. e4 c5 2. Nf3 e6 3. d4 cxd4 4. Nxd4 a6 5. Nc3 Qc7 6. Bd3 Nf6 7. 0-0 Be7 8. Qe2 d6 9. Bd2 0-0 10. Kh1 Nc6 11. Nf3 Re8 12. Nd1 b5 13. c4 bxc4 14. Bxc4 d5 15. exd5 exd5 16. Bb3 a5 17. Re1 Ba6 18. Qe3 Bb4 19. Qf4 Rxe1+ 0-1

[Event "GER-chT Seniors 16th"]
[Site "Halle"]
[Date "2007.09.18"]
[Round "6.1"]
[White "Hein, Manfred"]
[Black "Mueller, Manfred"]
[Result "0-1"]
[WhiteElo "2141"]
[BlackElo "2125"]
[PlyCount "110"]
[EventDate "2007.09.13"]
[EventType "team"]
[EventRounds "7"]
[EventCountry "GER"]
[SourceTitle "EXT 2008"]
[Source "ChessBase"]
[SourceDate "2007.11.25"]
[SourceVersion "1"]
[SourceVersionDate "2007.11.25"]
[SourceQuality "1"]

1. e4 c6 2. d4 d5 3. Nc3 dxe4 4. Nxe4 Nf6 5. Nxf6+ exf6 6. Nf3 Bd6 7. Bd3 Be6 8. Be3 Qc7 9. h3 Nd7 10. Nd2 Bf4 11. Qf3 Bxe3 12. Qxe3 0-0-0 13. 0-0-0 Rhe8 14. Rhe1 Nb6 15. Qe4 Qd6 16. c3 Nd5 17. Nc4 Qf4+ 18. Rd2 Bd7 19. Ne5 Qxe4 20. Bxe4 fxe5 21. Bxd5 cxd5 22. dxe5 Be6 23. f4 Re7 24. g4 g6 25. Rf1 d4 26. Rxd4 Rxd4 27. cxd4 Bxa2 28. Kd2 Bd5 29. Ra1 b6 30. Ra3 Rc7 31. f5 a5 32. Ke3 Rc2 33. Kf4 Rxb2 34. h4 h6 35. e6 Re2 36. exf7 Bxf7 37. fxg6 Bxg6 38. Rc3+ Kd7 39. d5 Rc2 40. Rb3 Rc4+ 41. Ke5 Rb4 42. Rg3 Ke7 43. d6+ Kd7 44. Kf6 Be8 45. h5 Rd4 46. Kg7 Rxd6 47. g5 hxg5 48. h6 Rg6+ 49. Kh7 g4 50. Re3 g3 51. Re2 g2 52. Re1 g1Q 53. Rxg1 Rxg1 54. Kh8 a4 55. h7 Rh1 0-1

[Event "GER-chT Seniors 16th"]
[Site "Halle"]
[Date "2007.09.13"]
[Round "1.1"]
[White "Franck, Rudolf"]
[Black "Mueller, Manfred"]
[Result "1/2-1/2"]
[WhiteElo "2214"]
[BlackElo "2125"]
[PlyCount "65"]
[EventDate "2007.09.13"]
[EventType "team"]
[EventRounds "7"]
[EventCountry "GER"]
[SourceTitle "EXT 2008"]
[Source "ChessBase"]
[SourceDate "2007.11.25"]
[SourceVersion "1"]
[SourceVersionDate "2007.11.25"]
[SourceQuality "1"]

1. d4 Nf6 2. e3 d5 3. Bd3 g6 4. Nd2 Bg7 5. f4 b6 6. Ngf3 0-0 7. Qe2 c5 8. c3 a5 9. Ne5 Ba6 10. 0-0 Bxd3 11. Qxd3 c4 12. Qe2 b5 13. e4 e6 14. a3 Nfd7 15. Ndf3 f5 16. Nxd7 Nxd7 17. exd5 Nf6 18. dxe6 Ne4 19. a4 Qd5 20. axb5 Qxb5 21. Nd2 Nxd2 22. Bxd2 a4 23. Rae1 Ra6 24. Bc1 Re8 25. e7 Bf6 26. Rf3 Rxe7 27. Re3 Raa7 28. Qf3 Rxe3 29. Rxe3 Re7 30. Rxe7 Bxe7 31. h3 h5 32. Qe2 Kf7 33. Qc2 1/2-1/2

[Event "Bad Woerishofen Seniors opA 23rd"]
[Site "Bad Woerishofen"]
[Date "2007.03.15"]
[Round "8"]
[White "Mueller, Manfred"]
[Black "Goy, Udo"]
[Result "0-1"]
[WhiteElo "2125"]
[BlackElo "2217"]
[PlyCount "66"]
[EventDate "2007.03.08"]
[EventType "swiss"]
[EventRounds "9"]
[EventCountry "GER"]
[SourceTitle "EXT 2008"]
[Source "ChessBase"]
[SourceDate "2007.11.25"]
[SourceVersion "1"]
[SourceVersionDate "2007.11.25"]
[SourceQuality "1"]

1. e4 c6 2. d4 d5 3. exd5 cxd5 4. Nf3 Nf6 5. c4 e6 6. Nc3 Be7 7. Bf4 0-0 8. c5 b6 9. b4 a5 10. a3 Ne4 11. Nb5 axb4 12. axb4 Rxa1 13. Qxa1 Nc6 14. Bc7 Qd7 15. Ne5 Nxe5 16. Bxe5 f6 17. Bg3 e5 18. f3 Nxg3 19. hxg3 exd4 20. Qxd4 f5 21. Nc3 Qe6+ 22. Kd1 Bf6 23. Qd3 d4 24. Nb5 bxc5 25. bxc5 Qe5 26. g4 h6 27. Nd6 Bd7 28. gxf5 Ba4+ 29. Kc1 Qe1+ 30. Kb2 Rb8+ 31. Ka2 Bc2 32. Be2 Qa5+ 33. Qa3 Bb3+ 0-1

[Event "Bad Woerishofen Seniors opA 23rd"]
[Site "Bad Woerishofen"]
[Date "2007.03.12"]
[Round "5"]
[White "Miessner, Rolf"]
[Black "Mueller, Manfred"]
[Result "0-1"]
[WhiteElo "1624"]
[BlackElo "1891"]
[PlyCount "76"]
[EventDate "2007.03.08"]
[EventType "swiss"]
[EventRounds "9"]
[EventCountry "GER"]
[SourceTitle "EXT 2022"]
[Source "ChessBase"]
[SourceDate "2021.10.06"]
[SourceVersion "1"]
[SourceVersionDate "2021.10.06"]
[SourceQuality "1"]

1. e4 c5 2. c3 d5 3. exd5 Qxd5 4. d4 e5 5. dxe5 Qxe5+ 6. Qe2 Nc6 7. Nf3 Qxe2+ 8. Bxe2 Bf5 9. Bf4 Nf6 10. Nbd2 Nd5 11. Bg3 Be7 12. Nc4 0-0 13. 0-0 Rfe8 14. Rfe1 Rad8 15. Rad1 Bf8 16. Bd3 Rxe1+ 17. Nxe1 Be6 18. Be2 Nxc3 19. bxc3 Rxd1 20. Bxd1 Bxc4 21. a3 Be7 22. Bf4 Bf6 23. Bd2 Ne7 24. Bf3 Nd5 25. Bxd5 Bxd5 26. Nc2 Kf8 27. f4 Ke8 28. Kf2 Kd7 29. Ne3 Kc6 30. Ke1 Bb3 31. g3 Kb5 32. Nf5 Ka4 33. Nd6 Bd5 34. c4 Bc6 35. Nxf7 Kxa3 36. Ke2 Kb3 37. Kd3 Bg2 38. Ke2 Kxc4 0-1

[Event "Bad Woerishofen Seniors opA 23rd"]
[Site "Bad Woerishofen"]
[Date "2007.03.10"]
[Round "3"]
[White "Wittelsberger, Helmut"]
[Black "Mueller, Manfred"]
[Result "0-1"]
[WhiteElo "1744"]
[BlackElo "1891"]
[PlyCount "144"]
[EventDate "2007.03.08"]
[EventType "swiss"]
[EventRounds "9"]
[EventCountry "GER"]
[SourceTitle "EXT 2022"]
[Source "ChessBase"]
[SourceDate "2021.10.06"]
[SourceVersion "1"]
[SourceVersionDate "2021.10.06"]
[SourceQuality "1"]

1. e4 c5 2. d4 cxd4 3. c3 d3 4. Bxd3 g6 5. Nf3 Bg7 6. Bc4 Nc6 7. 0-0 Qc7 8. Qe2 d6 9. h3 Bd7 10. Be3 Nf6 11. Nbd2 0-0 12. Rfd1 Rac8 13. Bb3 a6 14. Rac1 Na5 15. Bc2 Be6 16. Bb1 Nc4 17. Nxc4 Bxc4 18. Qc2 d5 19. exd5 Nxd5 20. Qd2 Rfd8 21. Qe1 Rd6 22. b3 Nxe3 23. Rxd6 Qxd6 24. Qxe3 Bb5 25. c4 Bc6 26. Re1 Rd8 27. Be4 e6 28. Bxc6 Qxc6 29. g3 Qd7 30. Kg2 Bf8 31. Re2 Bb4 32. Qh6 Qc6 33. Qe3 Rd1 34. Qe4 Qd7 35. Ne5 Qc7 36. Nf3 Rd6 37. h4 Bc3 38. Qe3 Qa5 39. Rc2 Bb4 40. Qe5 Qd8 41. Re2 Qd7 42. Qf6 b5 43. cxb5 Qxb5 44. Ng5 Qb7+ 45. Qf3 Qxf3+ 46. Nxf3 f6 47. Rc2 Rd7 48. Rc6 Rd6 49. Rxd6 Bxd6 50. Nd2 Kf7 51. Kf3 e5 52. Ke2 Ke6 53. f3 f5 54. Kd3 Kd5 55. g4 h5 56. g5 Bb4 57. Nf1 e4+ 58. fxe4+ fxe4+ 59. Ke2 Kd4 60. Ng3 Bd6 61. Nf1 Bf4 62. a3 Bc1 63. a4 Kc3 64. Ng3 e3 65. Ne4+ Kb4 66. Kd3 Bd2 67. Nxd2 exd2 68. Kxd2 Kxb3 69. Kd3 Kxa4 70. Kc4 a5 71. Kc3 Kb5 72. Kb3 Kc5 0-1

[Event "Bad Woerishofen Seniors opA 23rd"]
[Site "Bad Woerishofen"]
[Date "2007.03.08"]
[Round "1"]
[White "Aufmwasser, Guenter"]
[Black "Mueller, Manfred"]
[Result "0-1"]
[WhiteElo "1584"]
[BlackElo "1891"]
[PlyCount "66"]
[EventDate "2007.03.08"]
[EventType "swiss"]
[EventRounds "9"]
[EventCountry "GER"]
[SourceTitle "EXT 2022"]
[Source "ChessBase"]
[SourceDate "2021.10.06"]
[SourceVersion "1"]
[SourceVersionDate "2021.10.06"]
[SourceQuality "1"]

1. f4 Nf6 2. Nf3 g6 3. d4 Bg7 4. e3 c5 5. c3 b6 6. Nbd2 Bb7 7. Be2 0-0 8. Nf1 d6 9. Ng3 Nbd7 10. 0-0 Qc7 11. Bb5 Rad8 12. Bxd7 Nxd7 13. d5 e5 14. f5 Nf6 15. fxg6 fxg6 16. e4 Ba6 17. Re1 Qe7 18. b3 Bc8 19. c4 Bg4 20. Rf1 Nh5 21. Qe1 Bxf3 22. gxf3 Nf4 23. Bd2 Rf7 24. Kh1 Rdf8 25. Rb1 Qh4 26. b4 Bh6 27. Nf5 Qh3 28. Nxh6+ Qxh6 29. Qg3 cxb4 30. Rxb4 Qh5 31. Rb3 Ne2 32. Qg5 Qh3 33. Qg2 Ng3+ 0-1

[Event "Bad Woerishofen Seniors opA 22th"]
[Site "Bad Woerishofen"]
[Date "2006.03.25"]
[Round "9"]
[White "Lange, Manfred"]
[Black "Mueller, Manfred"]
[Result "0-1"]
[WhiteElo "1923"]
[BlackElo "1922"]
[PlyCount "48"]
[EventDate "2006.03.17"]
[EventType "swiss"]
[EventRounds "9"]
[EventCountry "GER"]
[SourceTitle "EXT 2022"]
[Source "ChessBase"]
[SourceDate "2021.10.06"]
[SourceVersion "1"]
[SourceVersionDate "2021.10.06"]
[SourceQuality "1"]

1. e4 c5 2. Nf3 Nc6 3. d4 cxd4 4. Nxd4 e5 5. Nb5 a6 6. Nd6+ Bxd6 7. Qxd6 Qf6 8. Qd1 Qg6 9. f3 Nge7 10. Nc3 d5 11. exd5 Nd4 12. Ne4 Bf5 13. c3 Bxe4 14. cxd4 Bc2 15. Qe2 Rd8 16. dxe5 Nxd5 17. Bd2 0-0 18. Qf2 Rfe8 19. f4 Nf6 20. Bc3 Ng4 21. Qf3 Be4 22. Qg3 Bd3 23. Qf3 Bxf1 24. h3 Nxe5 0-1

[Event "Bad Woerishofen Seniors opA 22th"]
[Site "Bad Woerishofen"]
[Date "2006.03.21"]
[Round "5"]
[White "Walther, Diethelm"]
[Black "Mueller, Manfred"]
[Result "0-1"]
[WhiteElo "2043"]
[BlackElo "1922"]
[PlyCount "40"]
[EventDate "2006.03.17"]
[EventType "swiss"]
[EventRounds "9"]
[EventCountry "GER"]
[SourceTitle "EXT 2022"]
[Source "ChessBase"]
[SourceDate "2021.10.06"]
[SourceVersion "1"]
[SourceVersionDate "2021.10.06"]
[SourceQuality "1"]

1. d4 d5 2. Bg5 Nf6 3. Nc3 Nc6 4. f3 Bf5 5. e4 dxe4 6. Bxf6 exf6 7. fxe4 Qe7 8. Bd3 0-0-0 9. Nge2 Bg4 10. Nd5 Qe8 11. c3 f5 12. Qc2 f6 13. Ne3 Bxe2 14. Kxe2 f4 15. d5 Ne7 16. d6 Rxd6 17. Nc4 Rd8 18. g4 Nc6 19. Rad1 b5 20. Nd2 Ne5 0-1

[Event "Bad Woerishofen Seniors opA 22th"]
[Site "Bad Woerishofen"]
[Date "2006.03.17"]
[Round "1"]
[White "Oser, Thor"]
[Black "Mueller, Manfred"]
[Result "0-1"]
[WhiteElo "1622"]
[BlackElo "1922"]
[PlyCount "56"]
[EventDate "2006.03.17"]
[EventType "swiss"]
[EventRounds "9"]
[EventCountry "GER"]
[SourceTitle "EXT 2022"]
[Source "ChessBase"]
[SourceDate "2021.10.06"]
[SourceVersion "1"]
[SourceVersionDate "2021.10.06"]
[SourceQuality "1"]

1. e4 c5 2. f4 Nc6 3. Nf3 e6 4. d3 d5 5. e5 b6 6. g3 Be7 7. Bg2 h5 8. h4 Nh6 9. Be3 Bb7 10. Nbd2 Nf5 11. Bf2 Rc8 12. Ng5 Qc7 13. Ndf3 Ncd4 14. c3 Nxf3+ 15. Bxf3 Bxg5 16. hxg5 d4 17. g4 Ne7 18. c4 Ng6 19. Bg3 h4 20. Bh2 h3 21. Qe2 b5 22. 0-0-0 bxc4 23. dxc4 Nh4 24. Bxb7 Qxb7 25. Bg3 Ng2 26. Rh2 Ne3 27. Rdh1 Rb8 28. Rxh3 Qxh1+ 0-1

[Event "Seefeld Seniors op 1st"]
[Site "Seefeld"]
[Date "2005.09.19"]
[Round "1.3"]
[White "Mueller, Manfred"]
[Black "Engler, Gunter"]
[Result "1-0"]
[WhiteElo "1886"]
[BlackElo "1766"]
[PlyCount "95"]
[EventDate "2005.09.19"]
[EventType "swiss"]
[EventRounds "7"]
[EventCountry "AUT"]
[SourceTitle "EXT 2007"]
[Source "ChessBase"]
[SourceDate "2006.11.23"]
[SourceVersion "1"]
[SourceVersionDate "2006.11.23"]
[SourceQuality "1"]

1. e4 e6 2. d4 d5 3. Nd2 dxe4 4. Nxe4 Be7 5. Bd3 Nf6 6. Nf3 Nbd7 7. 0-0 Nxe4 8. Bxe4 Nf6 9. Bd3 0-0 10. Re1 b6 11. c3 Bb7 12. Bg5 Rc8 13. Qe2 c5 14. Rad1 Qc7 15. Bh4 c4 16. Bc2 b5 17. Ne5 Bd5 18. Bb1 Qb7 19. Qc2 g6 20. f4 Nh5 21. Bxe7 Qxe7 22. Qf2 f5 23. Re3 Rc7 24. Rde1 g5 25. fxg5 Qxg5 26. Nf3 Qf6 27. Qh4 Qxh4 28. Nxh4 Rg7 29. Re5 Nf4 30. g3 Ng6 31. Nxg6 hxg6 32. Rf1 Rgf7 33. a3 a5 34. Bc2 a4 35. Bd1 Kg7 36. Bf3 Rd7 37. Bxd5 exd5 38. Rfe1 Kf7 39. Kf2 Rb8 40. Re6 Rh8 41. Kg2 Rb8 42. Kf3 Rbb7 43. Kf4 Re7 44. Rxe7+ Rxe7 45. Rxe7+ Kxe7 46. Ke5 Kf7 47. Kxd5 Kf6 48. h4 1-0

[Event "SLO-ch blind int 6th"]
[Site "Izola"]
[Date "2005.06.18"]
[Round "6"]
[White "Olsar, Jaroslav"]
[Black "Mueller, Manfred"]
[Result "1-0"]
[WhiteElo "2305"]
[BlackElo "2116"]
[PlyCount "51"]
[EventDate "2005.06.13"]
[EventType "swiss"]
[EventRounds "7"]
[EventCountry "SLO"]
[SourceTitle "EXT 2019"]
[Source "ChessBase"]
[SourceDate "2018.10.10"]
[SourceVersion "1"]
[SourceVersionDate "2018.10.10"]
[SourceQuality "1"]

1. e4 c5 2. c3 d5 3. exd5 Qxd5 4. d4 Nc6 5. Nf3 Bg4 6. Be2 Bxf3 7. Bxf3 Qe6+ 8. Be3 cxd4 9. cxd4 Qd7 10. d5 Ne5 11. Be2 Nf6 12. Nc3 a6 13. f4 Neg4 14. Bd4 Nh6 15. Bf3 Rc8 16. 0-0 Nf5 17. Bf2 g6 18. Na4 Qb5 19. Nb6 Rd8 20. Qd2 e6 21. Qc3 Bg7 22. a4 Qxf1+ 23. Rxf1 Ne4 24. Qb4 Nxf2 25. Rxf2 Bd4 26. g4 1-0

[Event "SLO-ch blind int 6th"]
[Site "Izola"]
[Date "2005.06.14"]
[Round "2"]
[White "Mueller, Manfred"]
[Black "Mlacnik, Janez"]
[Result "1-0"]
[WhiteElo "2116"]
[BlackElo "2023"]
[PlyCount "137"]
[EventDate "2005.06.13"]
[EventType "swiss"]
[EventRounds "7"]
[EventCountry "SLO"]
[SourceTitle "EXT 2019"]
[Source "ChessBase"]
[SourceDate "2018.10.10"]
[SourceVersion "1"]
[SourceVersionDate "2018.10.10"]
[SourceQuality "1"]

1. e4 e6 2. d4 d5 3. Nd2 c5 4. exd5 exd5 5. dxc5 Bxc5 6. Bb5+ Bd7 7. Bxd7+ Qxd7 8. Nb3 Bd6 9. c3 Ne7 10. Nf3 Nbc6 11. 0-0 0-0 12. Nbd4 Rad8 13. Be3 Nf5 14. Nxf5 Qxf5 15. Nd4 Qd7 16. Qa4 Nxd4 17. Qxd4 b6 18. Rfd1 Bc5 19. Qd3 Bxe3 20. Qxe3 Qb5 21. Rd2 Rfe8 22. Qf3 Qc4 23. g3 g6 24. b3 Qe4 25. Kg2 Qxf3+ 26. Kxf3 Rc8 27. Rc1 Red8 28. Rd4 f6 29. Ke3 Kf7 30. Kd2 Rc7 31. Re1 Rcd7 32. Re3 Rd6 33. Red3 Ke6 34. Rh4 h5 35. Re3+ Kf7 36. Ra4 R8d7 37. Kd3 Re6 38. Rxe6 Kxe6 39. Rd4 Rc7 40. Rh4 Rd7 41. h3 Kf5 42. Kd4 Ke6 43. g4 hxg4 44. hxg4 g5 45. Rh8 Kd6 46. a4 Ke6 47. Re8+ Kf7 48. Re3 Kg6 49. b4 Kf7 50. a5 Rd6 51. a6 b5 52. Kc5 Rxa6 53. Kxb5 Ra2 54. f3 Rd2 55. Kc5 Rd1 56. b5 Rd2 57. Kc6 d4 58. cxd4 Rxd4 59. Ra3 Rc4+ 60. Kb7 Rb4 61. Rxa7 Ke6 62. Ra6+ Ke5 63. b6 Rb3 64. Ra5+ Ke6 65. Rf5 Rc3 66. Kb8 Rb3 67. b7 Rc3 68. Ka7 Ra3+ 69. Kb6 1-0

[Event "SLO-ch blind int 6th"]
[Site "Izola"]
[Date "2005.06.13"]
[Round "1"]
[White "Jagdhuber, Hans"]
[Black "Mueller, Manfred"]
[Result "1/2-1/2"]
[WhiteElo "2000"]
[BlackElo "2116"]
[PlyCount "23"]
[EventDate "2005.06.13"]
[EventType "swiss"]
[EventRounds "7"]
[EventCountry "SLO"]
[SourceTitle "EXT 2019"]
[Source "ChessBase"]
[SourceDate "2018.10.10"]
[SourceVersion "1"]
[SourceVersionDate "2018.10.10"]
[SourceQuality "1"]

1. e4 c6 2. c4 d5 3. exd5 cxd5 4. cxd5 Nf6 5. Bb5+ Nbd7 6. Nc3 a6 7. Ba4 b5 8. Bb3 Nb6 9. Nge2 Nbxd5 10. 0-0 Bb7 11. d4 e6 12. Nf4 1/2-1/2

[Event "Bad Woerishofen Seniors op 21st"]
[Site "Bad Woerishofen"]
[Date "2005.03.10"]
[Round "8"]
[White "Mueller, Manfred"]
[Black "Litterst, Reinhard"]
[Result "0-1"]
[WhiteElo "1901"]
[BlackElo "1843"]
[PlyCount "64"]
[EventDate "2005.03.03"]
[EventType "swiss"]
[EventRounds "9"]
[EventCountry "GER"]
[SourceTitle "EXT 2006"]
[Source "ChessBase"]
[SourceDate "2005.11.24"]
[SourceVersion "1"]
[SourceVersionDate "2005.11.24"]
[SourceQuality "1"]

1. e4 c5 2. Nf3 d6 3. d4 cxd4 4. Nxd4 Nf6 5. Nc3 a6 6. Be2 e6 7. 0-0 Be7 8. Be3 Qc7 9. f4 Bd7 10. Bf3 Nc6 11. Kh1 Nxd4 12. Qxd4 e5 13. Qd2 Rc8 14. Rfd1 Bc6 15. Qf2 0-0 16. Bb6 Qb8 17. Qg3 Nd7 18. Be3 exf4 19. Bxf4 Ne5 20. Bh6 Ng6 21. Be3 Ne5 22. Bd4 Rcd8 23. Rd2 Qc7 24. Rad1 Bf6 25. Ne2 Qe7 26. Bb6 Rd7 27. b3 Bh4 28. Qh3 Bg5 29. Nd4 Bxd2 30. Nf5 Qg5 31. Nd4 Be3 32. Nxc6 bxc6 0-1